书目信息

书名: 步履如歌 
作者: 喻添旧
出版信息: 北京   中国铁道出版社有限公司  2020.11
开本页数: 21cm  244页
丛书名:
单 册:
中图分类: I267
科图分类:
主题词: 游记--you ji--中国--当代--作品集
电子资源:
ISBN: 978-7-113-26617-2
000 01005nam0 2200253 450
001 012022000383
005 20210129084034.2
010    @a978-7-113-26617-2@dCNY59.80
100    @a20210129d2020 em y0chiy50 ea
101 @achi
102    @aCN@b110000
105    @aa z 000cy
106    @ar
200 @a步履如歌@Abu lv ru ge@d= Wandering rhythm@f喻添旧著@zeng
210    @a北京@c中国铁道出版社有限公司@d2020.11
215    @a244页@c彩图@d21cm
314    @a喻添旧, 一个笔名。媒体人、专栏作家、纪录片导演。生于八十年代。
330    @a里斯本、杰拉尔顿、夏洛瓦、哈瓦那、基辅、塞布林……《步履如歌》里有20个关于城市和人的故事。当我们行过世界, 回头看那长长的旅途, 才发现山河海野的美好早已化作心头乐事。记忆中曾吹得风衣鼓起的大洋大陆的呜咽, 也变成一首首唱给旅人的歌。
510 @aWandering rhythm@zeng
606 @a游记@Ayou ji@y中国@z当代@j作品集
690    @aI267@v5
701  0 @a喻添旧@Ayu tian jiu@4著
801  0 @aCN@bCDNYKJZYXY@c20210129
905    @aCDNYKJZYXY@b300651059-61@dI267@e1423@f3
    
    步履如歌= Wandering rhythm/喻添旧著.-北京:中国铁道出版社有限公司,2020.11
    244页:彩图;21cm
    
    
    ISBN 978-7-113-26617-2:CNY59.80
    里斯本、杰拉尔顿、夏洛瓦、哈瓦那、基辅、塞布林……《步履如歌》里有20个关于城市和人的故事。当我们行过世界, 回头看那长长的旅途, 才发现山河海野的美好早已化作心头乐事。记忆中曾吹得风衣鼓起的大洋大陆的呜咽, 也变成一首首唱给旅人的歌。
相关链接 在五车中查询图书 在当当中查询图书 在豆瓣中查询图书


正题名:步履如歌     索取号:I267/1423         预约/预借

序号 登录号 条形码 馆藏地/架位号 状态 备注
1 651059   300651059   柳城-3楼/33架5列2层/ [索取号:I267/1423] 在馆    
2 651060   300651060   柳城-3楼/33架5列2层/ [索取号:I267/1423] 在馆    
3 651061   300651061   柳城-3楼/33架5列2层/ [索取号:I267/1423] 在馆